Tras las huellas del arte rupestre en Capadocia (Turquía) / (Record no. 12010)

MARC details
000 -LEADER
campo de control de longitud fija 00753nam a22002415i 4500
001 - NÚMERO DE CONTROL
campo de control 12010
003 - IDENTIFICADOR DE NÚMERO DE CONTROL
campo de control ES-MaACL
005 - FECHA Y HORA DE LA ÚLTIMA TRANSACCIÓN
campo de control 20230906150223.0
007 - CAMPO FIJO DE DESCRIPCIÓN FÍSICA--INFORMACIÓN GENERAL
campo de control de longitud fija t|
008 - DATOS DE LONGITUD FIJA--INFORMACIÓN GENERAL
campo de control de longitud fija 930304s1993 sp ||||0| spa j
020 ## - NÚMERO INTERNACIONAL ESTÁNDAR DEL LIBRO
Número Internacional Estándar del Libro 84-86233-46-1
040 ## - FUENTE DE CATALOGACIÓN
Centro catalogador/agencia de origen M-BN
Lengua de catalogación spa
Centro/agencia transcriptor M-BN
080 ## - NÚMERO DE LA CLASIFICACIÓN DECIMAL UNIVERSAL
Número de la Clasificación Decimal Universal 7.033.2(560 Capadocia)
100 1# - ENTRADA PRINCIPAL--NOMBRE DE PERSONA
Nombre de persona Lafora, Carlos.
9 (RLIN) 69508
245 10 - MENCIÓN DEL TÍTULO
Título Tras las huellas del arte rupestre en Capadocia (Turquía) /
Mención de responsabilidad, etc. Carlos Lafora, Victoria Bastos.
250 ## - MENCION DE EDICION
Mención de edición [1ª ed.].
260 ## - PUBLICACIÓN, DISTRIBUCIÓN, ETC.
Lugar de publicación, distribución, etc. Madrid :
Nombre del editor, distribuidor, etc. Tierra de Fuego,
Fecha de publicación, distribución, etc. 1993.
300 ## - DESCRIPCIÓN FÍSICA
Extensión 179 p :
Otras características físicas il. col. y n ;
Dimensiones 22 cm.
504 ## - NOTA DE BIBLIOGRAFÍA, ETC.
Nota de bibliografía, etc. Bibliografía: p. 176-178.
650 14 - PUNTO DE ACCESO ADICIONAL DE MATERIA--TÉRMINO DE MATERIA
Término de materia o nombre geográfico como elemento de entrada Arte bizantino-
Subdivisión geográfica Capadocia.
9 (RLIN) 10170
700 1# - ENTRADA AGREGADA--NOMBRE PERSONAL
Nombre de persona Bastos, Victoria.
9 (RLIN) 26380
852 ## - LOCALIZACIÓN
Ubicación ES-MaACL
Número de control de estantería L-19331
Sublocalización o colección R.122688
Holdings
Estatus retirado Estado de pérdida Estado de daño No para préstamo Biblioteca de origen Biblioteca actual Ubicación en estantería Fecha de adquisición Fuente de adquisición Total de préstamos Signatura topográfica completa Código de barras Visto por última vez Precio de reemplazo Tipo de ítem Koha
        Biblioteca del Ateneo de Madrid Biblioteca del Ateneo de Madrid Depósito 2 17/01/2008     L-19331 1012237 23/02/2023 23/02/2023 Libro impreso